[Event "CAN-ch U10"]
[Site "Windsor"]
[Date "2015.07.08"]
[Round "4.98"]
[White "Boscariol, Andreas"]
[Black "Russo, Max"]
[Result "0-1"]
[WhiteElo "923"]
[BlackElo "1445"]
[PlyCount "46"]
[EventDate "2015.07.06"]
[EventType "swiss"]
[EventRounds "7"]
[EventCountry "CAN"]
[SourceTitle "EXT 2022"]
[Source "ChessBase"]
[SourceDate "2021.10.06"]
[SourceVersion "1"]
[SourceVersionDate "2021.10.06"]
[SourceQuality "1"]

1. d4 d5 2. c4 c6 3. Nc3 Nf6 4. Bg5 Nbd7 5. Nf3 h6 6. Bxf6 Nxf6 7. e3 Bf5 8. Be2 e6 9. 0-0 Bd6 10. Nh4 Bh7 11. Bd3 Bxd3 12. Qxd3 Qc7 13. Nf3 0-0 14. a3 b6 15. b4 dxc4 16. Qxc4 Rac8 17. Qb3 Ng4 18. g3 h5 19. h4 Bxg3 20. Kg2 Bxh4 21. Rac1 Qb8 22. Rh1 Bxf2 23. Nd1 Qg3+ 0-1